| 000 | 01482nam a22003254a 4500 | ||
|---|---|---|---|
| 001 | ebr10314643 | ||
| 003 | CaPaEBR | ||
| 006 | m u | ||
| 007 | cr cn||||||||| | ||
| 008 | 071012s2009 at a s 001 0 eng d | ||
| 010 | _z 2007939366 | ||
| 020 | _z9781598634662 | ||
| 020 | _z1598634666 | ||
| 040 |
_aCaPaEBR _cCaPaEBR |
||
| 035 | _a(OCoLC)560646342 | ||
| 050 | 1 | 4 |
_aML3795 _b.C276 2009eb |
| 082 | 0 | 4 |
_a780.23 _222 |
| 100 | 1 | _aCann, Simon. | |
| 245 | 1 | 0 |
_aRocking your music business _h[electronic resource] : _brun your music business at home and on the road / _cSimon Cann. |
| 260 |
_aBoston, MA : _bCourse Technology, Cengage Learning, _cc2009. |
||
| 300 |
_axiii, 235 p. : _bill. |
||
| 500 | _aIncludes index. | ||
| 505 | 0 | _aYour music business -- Setting up your (virtual) office -- Working with other people -- Running your business online -- Accounts, records, and all those pieces of paper you need to keep -- Government and officialdom : you ain't gonna fight the law. | |
| 533 |
_aElectronic reproduction. _bPalo Alto, Calif. : _cebrary, _d2013. _nAvailable via World Wide Web. _nAccess may be limited to ebrary affiliated libraries. |
||
| 650 | 0 |
_aMusic trade _xVocational guidance. |
|
| 650 | 0 |
_aSound recording industry _xVocational guidance. |
|
| 655 | 7 |
_aElectronic books. _2local |
|
| 710 | 2 | _aebrary, Inc. | |
| 856 | 4 | 0 |
_uhttp://site.ebrary.com/lib/rucke/Doc?id=10314643 _zAn electronic book accessible through the World Wide Web; click to view |
| 999 |
_c57865 _d57865 |
||